[Event "Bergens SK HÃ¸stturnering 2023"]
[Site "Bergens Schakklub"]
[Date "2023.11.21"]
[Round "11"]
[White "Manne, Per Erik"]
[Black "Selbekk, VebjÃ¸rn"]
[Result "1/2-1/2"]
[WhiteElo "2175"]
[BlackElo "1871"]
[PlyCount "48"]
[EventDate "2023.??.??"]

1. d4 d6 2. Nf3 Nf6 3. c4 g6 4. Nc3 Bg7 5. Bg5 h6 6. Bh4 O-O 7. e3 Bf5 8. Nd2
e5 9. dxe5 dxe5 10. Be2 Nbd7 11. e4 Be6 12. O-O c6 13. Qc2 a5 14. a3 Qe7 15.
Rab1 g5 16. Bg3 h5 17. h4 Ng4 18. hxg5 Qxg5 19. Nf3 Qe7 20. Nh4 Qg5 21. Qc1 Bh6
22. Qxg5+ Bxg5 23. Nf3 Bf6 24. Rfd1 a4 1/2-1/2